00483nam a2200205Ia 4500008004100000020001400041050001400055100002200069245003200091245002500123260001500148260001600163260000900179300001600188300002600204300001000230300002300240440000600263500000800269170918s9999 xx 000 0 und d a439661625 bS857 2000 aStilton, Geronimo 4aThe phantom of the subway / cby Geronimo Stilton. aNew York : bScholastic, c2000 a112 pages : bcolor illustrations ; c19cm. eGeronimo Stilton ; a5 a470